[Event "Kiel op 35th"]
[Site "Kiel"]
[Date "2023.08.02"]
[Round "7"]
[White "Muslumzada, Roya"]
[Black "Topalov, Mihail"]
[Result "1/2-1/2"]
[WhiteElo "1508"]
[BlackElo "1936"]
[PlyCount "110"]
[EventDate "2023.07.29"]
[EventType "swiss"]
[EventRounds "9"]
[EventCountry "GER"]
[SourceTitle "CBM 215 Extra"]
[Source "ChessBase"]
[SourceDate "2023.09.30"]
[SourceVersion "1"]
[SourceVersionDate "2023.09.30"]
[SourceQuality "1"]

1. e4 c5 2. Nf3 e6 3. d4 cxd4 4. Nxd4 a6 5. a3 Nf6 6. Nc3 Qc7 7. g3 d6 8. Bg2 Nbd7 9. 0-0 Rb8 10. Be3 b5 11. Nb3 Bb7 12. Qd2 Be7 13. f4 0-0 14. Bf2 Rfd8 15. Rad1 Rbc8 16. Qd3 Nc5 17. Qe2 Nxb3 18. cxb3 Bc6 19. Rfe1 Qb7 20. Qe3 Ng4 21. Qb6 Nxf2 22. Qxb7 Bxb7 23. Kxf2 Rd7 24. Bh3 g6 25. f5 Rdc7 26. fxe6 f6 27. Nd5 Bxd5 28. exd5 Rc2+ 29. Re2 f5 30. Rdd2 Rc1 31. Re1 R1c2 32. Rxc2 Rxc2+ 33. Re2 Rxe2+ 34. Kxe2 Bf6 35. Kd2 Bxb2 36. a4 Kf8 37. axb5 axb5 38. b4 Bd4 39. Bf1 Bg1 40. h3 Bf2 41. g4 fxg4 42. hxg4 h5 43. gxh5 gxh5 44. Bxb5 h4 45. Bf1 Ke8 46. Kd3 Be1 47. b5 Ba5 48. Ke4 Bd8 49. Kf5 Bb6 50. Kf6 Bf2 51. Bh3 Bd4+ 52. Kg5 Bf2 53. Bf5 Ke7 54. b6 Bxb6 55. Kxh4 Bf2+ 1/2-1/2

[Event "Kiel op 35th"]
[Site "Kiel"]
[Date "2023.07.29"]
[Round "1"]
[White "Forster, Lukas"]
[Black "Muslumzada, Roya"]
[Result "1-0"]
[WhiteElo "2053"]
[BlackElo "1508"]
[PlyCount "47"]
[EventDate "2023.07.29"]
[EventType "swiss"]
[EventRounds "9"]
[EventCountry "GER"]
[SourceTitle "CBM 215 Extra"]
[Source "ChessBase"]
[SourceDate "2023.09.30"]
[SourceVersion "1"]
[SourceVersionDate "2023.09.30"]
[SourceQuality "1"]

1. e4 b6 2. d4 Bb7 3. Bd3 e6 4. Nf3 c5 5. c3 cxd4 6. cxd4 Bb4+ 7. Nc3 Qc7 8. Bd2 Ne7 9. 0-0 Bxc3 10. bxc3 0-0 11. Qe2 f5 12. Rfe1 fxe4 13. Bxe4 Bxe4 14. Qxe4 Ng6 15. h4 Qc6 16. Qg4 Qd6 17. h5 Nf4 18. Ne5 Nd5 19. h6 Qe7 20. Bg5 Nf6 21. Qh4 gxh6 22. Bxh6 Rc8 23. Re3 Kh8 24. Bg5 1-0